[Event "DEM U14w 2021"]
[Site "Willingen GER"]
[Date "2021.08.27"]
[Round "7"]
[White "Wilmink, Anna"]
[Black "Fischer, Darja"]
[Result "1-0"]
[Termination "normal"]
[Board "4"]
[WhiteElo "1565"]
[BlackElo "1591"]
[WhiteClock "00:09:11"]
[BlackClock "00:12:52"]
[PlyCount "52"]
[WhiteFideId "16273680"]
[BlackFideId "16240898"]
[EventCountry "GER"]
[EventRounds "9"]
[EventType "swiss"]
[EventDate "2021.08.22"]

1. e4 {[%clk 01:30:58]} c5 {[%clk 01:30:55]} {[%emt 00:00:05]} 2. Nf3 {[%clk
01:31:20]} {[%emt 00:00:08]} a6 {[%clk 01:31:18]} {[%emt 00:00:09]} 3. c4
{[%clk 01:31:33]} {[%emt 00:00:18]} e6 {[%clk 01:31:25]} {[%emt 00:00:23]} 4.
d4 {[%clk 01:31:31]} {[%emt 00:00:31]} cxd4 {[%clk 01:31:30]} {[%emt 00:00:24]}
5. Nxd4 {[%clk 01:31:50]} {[%emt 00:00:12]} Qc7 {[%clk 01:30:57]} {[%emt
00:01:03]} 6. Nc3 {[%clk 01:30:34]} {[%emt 00:01:46]} Nf6 {[%clk 01:30:10]}
{[%emt 00:01:17]} 7. Be2 {[%clk 01:27:09]} {[%emt 00:03:57]} Be7 {[%clk
01:28:42]} {[%emt 00:01:57]} 8. O-O {[%clk 01:25:29]} {[%emt 00:02:11]} O-O
{[%clk 01:27:55]} {[%emt 00:01:15]} 9. Be3 {[%clk 01:22:28]} {[%emt 00:03:32]}
d6 {[%clk 01:27:37]} {[%emt 00:00:49]} 10. f4 {[%clk 01:20:33]} {[%emt
00:02:25]} b6 {[%clk 01:22:59]} {[%emt 00:05:08]} 11. g4 {[%clk 01:14:39]}
{[%emt 00:06:24]} Bb7 {[%clk 01:16:58]} {[%emt 00:06:31]} 12. Bd3 {[%clk
01:12:58]} {[%emt 00:02:12]} d5 {[%clk 01:05:07]} {[%emt 00:12:21]} 13. cxd5
{[%clk 01:03:48]} {[%emt 00:09:39]} exd5 {[%clk 01:04:41]} {[%emt 00:00:56]}
14. e5 {[%clk 00:49:21]} {[%emt 00:14:57]} Ne4 {[%clk 01:01:11]} {[%emt
00:04:00]} 15. Rc1 {[%clk 00:41:22]} {[%emt 00:08:29]} Qd8 {[%clk 00:54:38]}
{[%emt 00:07:03]} 16. Qf3 {[%clk 00:32:44]} {[%emt 00:09:09]} Bc5 {[%clk
00:47:02]} {[%emt 00:08:06]} 17. Nxe4 {[%clk 00:23:23]} {[%emt 00:09:50]} Bxd4
{[%clk 00:42:15]} {[%emt 00:05:16]} 18. Nf6+ {[%clk 00:22:10]} {[%emt
00:01:45]} gxf6 {[%clk 00:41:06]} {[%emt 00:01:37]} 19. Bxd4 {[%clk 00:22:10]}
{[%emt 00:00:30]} fxe5 {[%clk 00:34:48]} {[%emt 00:06:48]} 20. fxe5 {[%clk
00:20:35]} {[%emt 00:02:05]} Nc6 {[%clk 00:26:18]} {[%emt 00:09:00]} 21. Qh3
{[%clk 00:17:55]} {[%emt 00:03:11]} f5 {[%clk 00:25:33]} {[%emt 00:01:14]} 22.
exf6 {[%clk 00:15:22]} {[%emt 00:03:03]} Qd7 {[%clk 00:20:14]} {[%emt
00:05:50]} 23. Rce1 {[%clk 00:12:15]} {[%emt 00:03:37]} Bc8 {[%clk 00:15:37]}
{[%emt 00:05:06]} 24. f7+ {[%clk 00:09:00]} {[%emt 00:03:46]} Rxf7 {[%clk
00:14:54]} {[%emt 00:01:13]} 25. Rxf7 {[%clk 00:09:18]} {[%emt 00:00:12]} Qxf7
{[%clk 00:12:52]} {[%emt 00:02:31]} 26. Re8+ {[%clk 00:09:11]} {[%emt
00:00:38]} Qxe8 {[%emt 00:00:18]} 1-0

[Event "DEM U14w 2021"]
[Site "Willingen GER"]
[Date "2021.08.27"]
[Round "7"]
[White "Prinzen, Siri Marleen"]
[Black "Voigt, Anastasia"]
[Result "1/2-1/2"]
[Termination "normal"]
[Board "5"]
[WhiteElo "1626"]
[BlackElo "1737"]
[WhiteClock "00:23:50"]
[BlackClock "00:14:27"]
[PlyCount "90"]
[WhiteFideId "16265912"]
[BlackFideId "16235223"]
[EventCountry "GER"]
[EventRounds "9"]
[EventType "swiss"]
[EventDate "2021.08.22"]

1. d4 {[%clk 01:30:58]} {[%emt 00:00:01]} Nf6 {[%clk 01:30:52]} {[%emt
00:00:09]} 2. Bf4 {[%clk 01:31:21]} {[%emt 00:00:08]} e6 {[%clk 01:31:14]}
{[%emt 00:00:07]} 3. e3 {[%clk 01:31:26]} {[%emt 00:00:24]} c5 {[%clk
01:31:03]} {[%emt 00:00:43]} 4. Nd2 {[%clk 01:30:08]} {[%emt 00:01:47]} d5
{[%clk 01:30:51]} {[%emt 00:00:41]} 5. c3 {[%clk 01:28:25]} {[%emt 00:02:13]}
Bd6 {[%clk 01:30:26]} {[%emt 00:00:55]} 6. Bg3 {[%clk 01:27:31]} {[%emt
00:01:25]} O-O {[%clk 01:30:30]} {[%emt 00:00:26]} 7. Ngf3 {[%clk 01:26:33]}
{[%emt 00:01:28]} Qc7 {[%clk 01:30:04]} {[%emt 00:00:55]} 8. Bd3 {[%clk
01:23:55]} {[%emt 00:03:08]} Nbd7 {[%clk 01:29:23]} {[%emt 00:01:11]} 9. O-O
{[%clk 01:20:52]} {[%emt 00:03:33]} Bxg3 {[%clk 01:29:25]} {[%emt 00:00:28]}
10. hxg3 {[%clk 01:17:44]} {[%emt 00:03:39]} e5 {[%clk 01:24:27]} {[%emt
00:05:28]} 11. e4 {[%clk 01:10:12]} {[%emt 00:08:02]} dxe4 {[%clk 01:19:20]}
{[%emt 00:05:37]} 12. Nxe4 {[%clk 01:08:27]} {[%emt 00:02:14]} Nxe4 {[%clk
01:18:21]} {[%emt 00:01:29]} 13. Bxe4 {[%clk 01:08:54]} {[%emt 00:00:04]} Nf6
{[%clk 01:16:58]} {[%emt 00:01:52]} 14. Re1 {[%clk 01:06:22]} {[%emt 00:03:02]}
exd4 {[%clk 01:12:56]} {[%emt 00:04:33]} 15. cxd4 {[%clk 01:05:27]} {[%emt
00:01:25]} cxd4 {[%clk 01:10:50]} {[%emt 00:02:36]} 16. Nxd4 {[%clk 01:02:16]}
{[%emt 00:03:41]} Rd8 {[%clk 01:08:11]} {[%emt 00:03:09]} 17. Qc2 {[%clk
00:59:03]} {[%emt 00:03:44]} Qxc2 {[%clk 00:59:23]} {[%emt 00:09:17]} 18. Nxc2
{[%clk 00:59:15]} {[%emt 00:00:19]} Nxe4 {[%clk 00:58:22]} {[%emt 00:01:30]}
19. Rxe4 {[%clk 00:59:23]} {[%emt 00:00:22]} Bf5 {[%clk 00:57:41]} {[%emt
00:01:11]} 20. Rc4 {[%clk 00:59:33]} {[%emt 00:00:19]} Rd2 {[%clk 00:53:26]}
{[%emt 00:04:45]} 21. Ne3 {[%clk 00:58:51]} {[%emt 00:01:12]} Be6 {[%clk
00:52:40]} {[%emt 00:01:15]} 22. Rc2 {[%clk 00:56:26]} {[%emt 00:02:56]} Rad8
{[%clk 00:49:51]} {[%emt 00:03:16]} 23. Rxd2 {[%clk 00:52:05]} {[%emt
00:04:54]} Rxd2 {[%clk 00:47:55]} {[%emt 00:02:26]} 24. b3 {[%clk 00:51:40]}
{[%emt 00:00:54]} g6 {[%clk 00:44:20]} {[%emt 00:04:06]} 25. Kf1 {[%clk
00:47:43]} {[%emt 00:04:26]} b5 {[%clk 00:37:17]} {[%emt 00:07:33]} 26. Ke1
{[%clk 00:46:46]} {[%emt 00:01:28]} Rb2 {[%clk 00:35:58]} {[%emt 00:01:48]} 27.
Nd1 {[%clk 00:46:11]} {[%emt 00:01:05]} Rc2 {[%clk 00:36:17]} {[%emt 00:00:11]}
28. Ne3 {[%clk 00:46:27]} {[%emt 00:00:14]} Rc6 {[%clk 00:36:35]} {[%emt
00:00:11]} 29. Kd2 {[%clk 00:46:01]} {[%emt 00:00:57]} Kg7 {[%clk 00:34:51]}
{[%emt 00:02:14]} 30. Nc2 {[%clk 00:42:53]} {[%emt 00:03:38]} g5 {[%clk
00:31:06]} {[%emt 00:04:14]} 31. Nd4 {[%clk 00:39:43]} {[%emt 00:03:40]} Rd6
{[%clk 00:31:14]} {[%emt 00:00:21]} 32. Ke3 {[%clk 00:39:55]} {[%emt 00:00:20]}
Bd7 {[%clk 00:30:49]} {[%emt 00:00:55]} 33. Rd1 {[%clk 00:38:02]} {[%emt
00:02:22]} Rh6 {[%clk 00:27:53]} {[%emt 00:03:25]} 34. Rd2 {[%clk 00:30:24]}
{[%emt 00:08:09]} g4 {[%clk 00:23:36]} {[%emt 00:04:47]} 35. Rc2 {[%clk
00:27:37]} {[%emt 00:03:17]} Ra6 {[%clk 00:21:42]} {[%emt 00:02:23]} 36. Rc7
{[%clk 00:24:24]} {[%emt 00:03:45]} Be6 {[%clk 00:20:05]} {[%emt 00:02:05]} 37.
Rc2 {[%clk 00:18:33]} {[%emt 00:06:21]} Rb6 {[%clk 00:15:22]} {[%emt 00:05:13]}
38. Rc5 {[%clk 00:15:25]} {[%emt 00:03:39]} a6 {[%clk 00:12:39]} {[%emt
00:03:13]} 39. Kf4 {[%clk 00:13:40]} {[%emt 00:02:15]} Rd6 {[%clk 00:07:21]}
{[%emt 00:05:44]} 40. Ke5 {[%clk 00:11:50]} {[%emt 00:02:24]} Rb6 {[%clk
00:05:43]} {[%emt 00:02:06]} 41. Kf4 {[%clk 00:11:43]} {[%emt 00:00:40]} Bd7
{[%clk 00:29:57]} {[%emt 00:06:17]} 42. Rc7 {[%clk 00:36:11]} {[%emt 00:06:00]}
Rf6+ {[%clk 00:27:24]} {[%emt 00:03:03]} 43. Ke5 {[%clk 00:33:03]} {[%emt
00:03:38]} Be6 {[%clk 00:25:40]} {[%emt 00:02:14]} 44. Re7 {[%clk 00:24:51]}
{[%emt 00:08:42]} Bc8 {[%clk 00:16:23]} {[%emt 00:09:47]} 45. Rc7 {[%clk
00:23:50]} {[%emt 00:01:30]} Be6 {[%clk 00:14:27]} {[%emt 00:02:27]} 1/2-1/2

[Event "DEM U14w 2021"]
[Site "Willingen GER"]
[Date "2021.08.27"]
[Round "7"]
[White "Sereda, Yaroslava"]
[Black "Reich, Elisabeth"]
[Result "1/2-1/2"]
[Termination "normal"]
[Board "6"]
[WhiteElo "1750"]
[BlackElo "1368"]
[WhiteClock "00:00:43"]
[BlackClock "00:19:01"]
[PlyCount "72"]
[WhiteFideId "14178940"]
[BlackFideId "16239776"]
[EventCountry "GER"]
[EventRounds "9"]
[EventType "swiss"]
[EventDate "2021.08.22"]

1. e4 {[%clk 01:30:56]} {[%emt 00:00:03]} c5 {[%clk 01:30:56]} {[%emt
00:00:04]} 2. Nf3 {[%clk 01:31:19]} {[%emt 00:00:08]} Nc6 {[%clk 01:31:20]}
{[%emt 00:00:05]} 3. d4 {[%clk 01:31:39]} {[%emt 00:00:10]} cxd4 {[%clk
01:31:47]} {[%emt 00:00:03]} 4. Nxd4 {[%clk 01:32:02]} {[%emt 00:00:08]} Nf6
{[%clk 01:32:11]} {[%emt 00:00:06]} 5. Nc3 {[%clk 01:32:16]} {[%emt 00:00:15]}
e6 {[%clk 01:32:30]} {[%emt 00:00:11]} 6. Be3 {[%clk 01:27:13]} {[%emt
00:05:33]} Bb4 {[%clk 01:32:34]} {[%emt 00:00:27]} 7. f3 {[%clk 01:25:58]}
{[%emt 00:01:44]} d5 {[%clk 01:30:02]} {[%emt 00:03:02]} 8. Bb5 {[%clk
01:09:16]} {[%emt 00:17:14]} Bd7 {[%clk 01:25:15]} {[%emt 00:05:15]} 9. Bxc6
{[%clk 01:00:20]} {[%emt 00:09:27]} Bxc6 {[%clk 01:24:26]} {[%emt 00:01:19]}
10. Nxc6 {[%clk 00:50:07]} {[%emt 00:10:43]} bxc6 {[%clk 01:24:53]} {[%emt
00:00:03]} 11. Qd3 {[%clk 00:42:27]} {[%emt 00:08:10]} c5 {[%clk 01:15:41]}
{[%emt 00:09:42]} 12. exd5 {[%clk 00:37:23]} {[%emt 00:05:34]} exd5 {[%clk
01:12:07]} {[%emt 00:04:03]} 13. Bd2 {[%clk 00:34:34]} {[%emt 00:03:19]} Rb8
{[%clk 01:05:50]} {[%emt 00:06:44]} 14. O-O {[%clk 00:32:42]} {[%emt 00:02:25]}
O-O {[%clk 01:04:52]} {[%emt 00:01:27]} 15. Rad1 {[%emt 00:14:50]} Bxc3 {[%clk
01:03:30]} {[%emt 00:01:50]} 16. Qxc3 {[%clk 00:17:56]} {[%emt 00:00:59]} Qb6
{[%clk 01:02:21]} {[%emt 00:01:36]} 17. b3 {[%clk 00:16:51]} {[%emt 00:01:38]}
h6 {[%clk 00:58:29]} {[%emt 00:04:22]} 18. Bf4 {[%clk 00:15:14]} {[%emt
00:02:06]} Rb7 {[%clk 00:56:10]} {[%emt 00:02:49]} 19. Be5 {[%clk 00:13:53]}
{[%emt 00:01:52]} d4 {[%clk 00:55:09]} {[%emt 00:01:30]} 20. Qc4 {[%clk
00:14:07]} {[%emt 00:00:17]} Nd7 {[%clk 00:52:20]} {[%emt 00:03:15]} 21. Bg3
{[%clk 00:13:57]} {[%emt 00:00:45]} Re8 {[%clk 00:51:06]} {[%emt 00:01:39]} 22.
c3 {[%clk 00:10:09]} {[%emt 00:04:24]} dxc3 {[%clk 00:47:12]} {[%emt 00:04:25]}
23. Qxc3 {[%clk 00:10:20]} {[%emt 00:00:19]} Qb4 {[%clk 00:39:32]} {[%emt
00:08:05]} 24. Qc2 {[%clk 00:07:01]} {[%emt 00:03:53]} Re6 {[%clk 00:32:22]}
{[%emt 00:07:31]} 25. Rd5 {[%clk 00:06:09]} {[%emt 00:01:29]} Qb5 {[%clk
00:27:30]} {[%emt 00:05:19]} 26. Rfd1 {[%clk 00:04:35]} {[%emt 00:02:09]} Re2
{[%clk 00:26:39]} {[%emt 00:01:19]} 27. Qf5 {[%clk 00:02:51]} {[%emt 00:02:16]}
Nf6 {[%clk 00:22:55]} {[%emt 00:04:15]} 28. Rxc5 {[%clk 00:01:52]} {[%emt
00:01:28]} Qa6 {[%clk 00:21:53]} {[%emt 00:01:28]} 29. Rc8+ {[%clk 00:01:50]}
{[%emt 00:00:36]} Ne8 {[%clk 00:21:43]} {[%emt 00:00:32]} 30. Qd5 {[%clk
00:00:42]} {[%emt 00:01:45]} Rbe7 {[%clk 00:20:40]} {[%emt 00:01:33]} 31. Qc6
{[%clk 00:00:38]} {[%emt 00:00:35]} Qxa2 {[%clk 00:20:42]} {[%emt 00:00:27]}
32. Qc4 {[%clk 00:00:34]} {[%emt 00:00:35]} Rxg2+ {[%clk 00:20:40]} {[%emt
00:00:32]} 33. Kf1 {[%clk 00:00:42]} {[%emt 00:00:20]} Qe2+ {[%clk 00:19:25]}
{[%emt 00:01:46]} 34. Qxe2 {[%clk 00:01:06]} {[%emt 00:00:06]} Rgxe2 {[%clk
00:19:51]} {[%emt 00:00:03]} 35. Rdd8 {[%clk 00:00:49]} {[%emt 00:00:48]} Kh7
{[%clk 00:19:50]} {[%emt 00:00:31]} 36. Rd3 {[%clk 00:00:43]} {[%emt 00:00:35]}
Nf6 {[%clk 00:19:01]} {[%emt 00:01:18]} 1/2-1/2

[Event "DEM U14w 2021"]
[Site "Willingen GER"]
[Date "2021.08.27"]
[Round "7"]
[White "Luzgina, Anastasija"]
[Black "von Beckh, Frieda"]
[Result "1/2-1/2"]
[Termination "normal"]
[Board "7"]
[WhiteElo "1548"]
[BlackElo "1541"]
[WhiteClock "00:32:32"]
[BlackClock "00:24:12"]
[PlyCount "88"]
[WhiteFideId "24280860"]
[BlackFideId "16233751"]
[EventCountry "GER"]
[EventRounds "9"]
[EventType "swiss"]
[EventDate "2021.08.22"]

1. e4 {[%clk 01:30:56]} {[%emt 00:00:03]} c5 {[%clk 01:30:02]} {[%emt
00:00:59]} 2. Nf3 {[%clk 01:31:19]} {[%emt 00:00:05]} Nc6 {[%clk 01:30:24]}
{[%emt 00:00:09]} 3. d4 {[%clk 01:31:39]} {[%emt 00:00:10]} cxd4 {[%clk
01:30:47]} {[%emt 00:00:09]} 4. Nxd4 {[%clk 01:32:04]} {[%emt 00:00:04]} g6
{[%clk 01:31:07]} {[%emt 00:00:11]} 5. Nc3 {[%clk 01:32:25]} {[%emt 00:00:08]}
Bg7 {[%clk 01:31:30]} {[%emt 00:00:06]} 6. Be3 {[%clk 01:32:45]} {[%emt
00:00:11]} Nf6 {[%clk 01:31:52]} {[%emt 00:00:08]} 7. Be2 {[%clk 01:32:32]}
{[%emt 00:00:42]} O-O {[%clk 01:32:09]} {[%emt 00:00:15]} 8. O-O {[%clk
01:31:50]} {[%emt 00:01:10]} d5 {[%clk 01:32:04]} {[%emt 00:00:35]} 9. exd5
{[%clk 01:28:44]} {[%emt 00:03:36]} Nxd5 {[%clk 01:31:53]} {[%emt 00:00:40]}
10. Nxd5 {[%clk 01:24:59]} {[%emt 00:04:17]} Qxd5 {[%clk 01:31:16]} {[%emt
00:01:07]} 11. Bf3 {[%clk 01:24:08]} {[%emt 00:01:19]} Qd7 {[%clk 01:28:39]}
{[%emt 00:03:07]} 12. Nxc6 {[%clk 01:21:39]} {[%emt 00:03:01]} bxc6 {[%clk
01:27:07]} {[%emt 00:02:03]} 13. c3 {[%clk 01:21:50]} {[%emt 00:00:19]} Qc7
{[%clk 01:24:28]} {[%emt 00:03:08]} 14. Qe2 {[%clk 01:19:56]} {[%emt 00:02:20]}
Rd8 {[%clk 01:22:12]} {[%emt 00:02:50]} 15. Rfd1 {[%clk 01:19:23]} {[%emt
00:01:03]} Bf5 {[%clk 01:20:40]} {[%emt 00:02:02]} 16. Rxd8+ {[%clk 01:18:58]}
{[%emt 00:00:55]} Rxd8 {[%clk 01:19:22]} {[%emt 00:01:47]} 17. Rd1 {[%clk
01:18:23]} {[%emt 00:01:06]} Rb8 {[%clk 01:13:07]} {[%emt 00:06:45]} 18. Rd2
{[%clk 01:16:17]} {[%emt 00:02:36]} a5 {[%clk 01:09:28]} {[%emt 00:04:10]} 19.
Qa6 {[%clk 01:12:12]} {[%emt 00:04:33]} Bf6 {[%clk 00:49:55]} {[%emt 00:20:04]}
20. h3 {[%clk 01:03:50]} {[%emt 00:08:51]} c5 {[%clk 00:41:14]} {[%emt
00:09:11]} 21. Qc6 {[%clk 00:53:23]} {[%emt 00:10:57]} Qxc6 {[%clk 00:37:00]}
{[%emt 00:04:46]} 22. Bxc6 {[%clk 00:53:46]} {[%emt 00:00:07]} Be5 {[%clk
00:29:56]} {[%emt 00:07:33]} 23. Bf3 {[%clk 00:40:58]} {[%emt 00:13:17]} Bd6
{[%clk 00:28:23]} {[%emt 00:02:04]} 24. Bd5 {[%clk 00:26:40]} {[%emt 00:14:47]}
Rb6 {[%clk 00:21:43]} {[%emt 00:07:10]} 25. g4 {[%clk 00:14:14]} {[%emt
00:12:55]} Bd7 {[%clk 00:21:06]} {[%emt 00:01:08]} 26. b3 {[%clk 00:12:25]}
{[%emt 00:02:18]} Bc6 {[%clk 00:20:12]} {[%emt 00:01:25]} 27. Bxc6 {[%clk
00:12:14]} {[%emt 00:00:42]} Rxc6 {[%clk 00:20:31]} {[%emt 00:00:11]} 28. Kg2
{[%clk 00:11:47]} {[%emt 00:00:57]} f5 {[%clk 00:18:08]} {[%emt 00:02:54]} 29.
gxf5 {[%clk 00:08:07]} {[%emt 00:04:10]} gxf5 {[%clk 00:18:17]} {[%emt
00:00:21]} 30. Kf3 {[%clk 00:07:50]} {[%emt 00:00:45]} e5 {[%clk 00:18:11]}
{[%emt 00:00:37]} 31. Bg5 {[%clk 00:06:58]} {[%emt 00:01:23]} Bc7 {[%clk
00:09:31]} {[%emt 00:09:10]} 32. Ke3 {[%clk 00:04:43]} {[%emt 00:02:45]} Kf7
{[%clk 00:07:18]} {[%emt 00:02:43]} 33. Bd8 {[%clk 00:04:42]} {[%emt 00:00:31]}
Ke6 {[%clk 00:06:06]} {[%emt 00:01:42]} 34. Bxc7 {[%clk 00:04:55]} {[%emt
00:00:18]} Rxc7 {[%clk 00:06:29]} {[%emt 00:00:07]} 35. Rd8 {[%clk 00:04:50]}
{[%emt 00:00:34]} c4 {[%clk 00:05:44]} {[%emt 00:01:15]} 36. Kd2 {[%clk
00:04:38]} {[%emt 00:00:43]} cxb3 {[%clk 00:05:08]} {[%emt 00:01:06]} 37. axb3
{[%clk 00:04:59]} {[%emt 00:00:09]} Rd7+ {[%clk 00:04:04]} {[%emt 00:01:33]}
38. Rxd7 {[%clk 00:05:23]} {[%emt 00:00:06]} Kxd7 {[%clk 00:04:26]} {[%emt
00:00:09]} 39. Kd3 {[%clk 00:05:51]} {[%emt 00:00:01]} Kd6 {[%clk 00:03:57]}
{[%emt 00:01:00]} 40. Kc4 {[%clk 00:06:08]} {[%emt 00:00:12]} Kc6 {[%clk
00:04:10]} {[%emt 00:00:17]} 41. h4 {[%clk 00:05:50]} {[%emt 00:00:47]} h5
{[%clk 00:28:38]} {[%emt 00:06:01]} 42. f3 {[%clk 00:35:26]} {[%emt 00:00:55]}
Kd6 {[%clk 00:27:32]} {[%emt 00:01:36]} 43. Kd3 {[%clk 00:32:27]} {[%emt
00:03:28]} Kc5 {[%clk 00:26:28]} {[%emt 00:01:35]} 44. Ke3 {[%clk 00:32:32]}
{[%emt 00:00:25]} Kb5 {[%clk 00:24:12]} {[%emt 00:02:46]} 1/2-1/2

[Event "DEM U14w 2021"]
[Site "Willingen GER"]
[Date "2021.08.27"]
[Round "7"]
[White "Labuda, Annika"]
[Black "Ulrich, Helena Irene"]
[Result "1/2-1/2"]
[Termination "normal"]
[Board "8"]
[WhiteElo "1284"]
[BlackElo "1540"]
[WhiteClock "00:39:48"]
[BlackClock "00:31:11"]
[PlyCount "45"]
[WhiteFideId "16261453"]
[BlackFideId "16256000"]
[EventCountry "GER"]
[EventRounds "9"]
[EventType "swiss"]
[EventDate "2021.08.22"]

1. e4 {[%clk 01:30:58]} c5 {[%clk 01:30:54]} {[%emt 00:00:07]} 2. Nf3 {[%clk
01:31:23]} {[%emt 00:00:05]} d6 {[%clk 01:31:18]} {[%emt 00:00:06]} 3. d4
{[%clk 01:31:44]} {[%emt 00:00:09]} cxd4 {[%clk 01:31:42]} {[%emt 00:00:06]} 4.
Nxd4 {[%clk 01:32:09]} {[%emt 00:00:05]} Nf6 {[%clk 01:32:05]} {[%emt
00:00:07]} 5. Nc3 {[%clk 01:32:30]} {[%emt 00:00:09]} a6 {[%clk 01:32:26]}
{[%emt 00:00:09]} 6. Be2 {[%clk 01:31:39]} {[%emt 00:01:21]} e5 {[%clk
01:29:32]} {[%emt 00:03:24]} 7. Nb3 {[%clk 01:32:01]} {[%emt 00:00:08]} Be7
{[%clk 01:27:27]} {[%emt 00:02:36]} 8. O-O {[%clk 01:32:11]} {[%emt 00:00:18]}
Be6 {[%clk 01:26:44]} {[%emt 00:01:14]} 9. Qd3 {[%clk 01:28:42]} {[%emt
00:03:58]} O-O {[%clk 01:22:43]} {[%emt 00:04:33]} 10. Nd5 {[%clk 01:24:55]}
{[%emt 00:04:15]} Bxd5 {[%clk 01:16:28]} {[%emt 00:06:46]} 11. exd5 {[%clk
01:24:13]} {[%emt 00:01:12]} Nbd7 {[%clk 01:08:25]} {[%emt 00:08:33]} 12. c4
{[%clk 01:19:27]} {[%emt 00:05:15]} Qc7 {[%clk 01:05:33]} {[%emt 00:03:23]} 13.
Be3 {[%clk 01:15:49]} {[%emt 00:04:07]} b6 {[%clk 01:00:52]} {[%emt 00:05:12]}
14. Rac1 {[%clk 01:11:13]} {[%emt 00:05:04]} Nc5 {[%clk 00:57:57]} {[%emt
00:03:27]} 15. Nxc5 {[%clk 01:10:37]} {[%emt 00:01:05]} bxc5 {[%clk 00:57:41]}
{[%emt 00:00:45]} 16. a3 {[%clk 01:08:44]} {[%emt 00:02:24]} a5 {[%clk
00:53:52]} {[%emt 00:04:19]} 17. Rb1 {[%clk 01:05:54]} {[%emt 00:03:20]} a4
{[%clk 00:49:47]} {[%emt 00:04:35]} 18. Bd2 {[%clk 00:59:18]} {[%emt 00:07:06]}
Nd7 {[%clk 00:43:41]} {[%emt 00:06:36]} 19. Qg3 {[%clk 00:54:41]} {[%emt
00:05:04]} f5 {[%clk 00:35:14]} {[%emt 00:09:00]} 20. Bh6 {[%clk 00:47:45]}
{[%emt 00:07:24]} Bf6 {[%clk 00:33:38]} {[%emt 00:02:08]} 21. Bg5 {[%clk
00:45:23]} {[%emt 00:02:52]} Qd8 {[%clk 00:31:07]} {[%emt 00:03:01]} 22. Bxf6
{[%clk 00:44:14]} {[%emt 00:01:39]} Qxf6 {[%clk 00:31:11]} {[%emt 00:00:27]}
23. Qc3 {[%clk 00:39:48]} {[%emt 00:04:56]} 1/2-1/2